Gaming Quiz

Random Gaming Quiz
Score 0/16 Timer 02:30
0 Plays Today
Plane Gate Town % Correct
The Ever-Changing Chaos of Limbo (CN)Xaos
100%
The Tarterian Depths of Carceri (NE, CE)Curst
100%
The Windswept Depths of Pandemonium (CN, CE)Bedlam
95%
The Infinite Layers of the Abyss (CE)Plague-Mort
95%
The Nine Hells of Baator (LE)Ribcage
95%
The Seven Heavens of Mount Celestia (LG)Excelsior
90%
The Twin Paradises of Bytopia (NG, LG)Tradegate
90%
The Blessed Fields of Elysium (NG)Ecstasy
90%
Plane Gate Town % Correct
The Wilderness of the Beastlands (NG, CG)Faunel
90%
The Olympian Glades of Arborea (CG)Sylvania
90%
The Heroic Domains of Ysgard (CN, CG)Glorium
90%
The Gray Waste of Hades (NE)Hopeless
90%
The Bleak Eternity of Gehenna (NE, LE)Torch
90%
The Infinite Battlefield of Acheron (LN, LE)Rigus
90%
The Clockwork Nirvana of Mechanus (LN)Automata
90%
The Peaceable Kingdoms of Arcadia (LN, LG)Fortitude
90%
Remove Ads.
Support Sporcle.
Get the best of Sporcle when you Go Orange. This ad-free experience offers more features, more stats, and more fun while also helping to support Sporcle. Thank you for becoming a member.

You're not logged in!

Compare scores with friends on all Sporcle quizzes.
OR
Log In

Sporcle TV

Today on Sporcle TV


Watch our educational content, quiz creation guides, and fun videos on Sporcle TV.

Show Comments

Extras

Top Quizzes Today


Score Distribution

Paid Content

Your Account Isn't Verified!

In order to create a playlist on Sporcle, you need to verify the email address you used during registration. Go to your Sporcle Settings to finish the process.

Report this User

Report this user for behavior that violates our Community Guidelines.

Details: